The Postgraduate Research Handbook. (Record no. 349284)

000 -LEADER
fixed length control field 00415 a2200169 4500
020 ## - INTERNATIONAL STANDARD BOOK NUMBER
International Standard Book Number 9780230521308
024 ## - OTHER STANDARD IDENTIFIER
Standard number or code 9780230521308
082 ## - DEWEY DECIMAL CLASSIFICATION NUMBER
Classification number 001.4
090 ## - LOCALLY ASSIGNED LC-TYPE CALL NUMBER (OCLC); LOCAL CALL NUMBER (RLIN)
-- 6948
-- 6948
100 ## - MAIN ENTRY--PERSONAL NAME
Personal name Wisker,Gina
245 ## - TITLE STATEMENT
Title The Postgraduate Research Handbook.
Statement of responsibility, etc. Gina Wisker
250 ## - EDITION STATEMENT
Edition statement 2nd.
260 ## - PUBLICATION, DISTRIBUTION, ETC.
Place of publication, distribution, etc. London
Name of publisher, distributor, etc. Palgrave Macmillan.
Date of publication, distribution, etc. 2008
300 ## - PHYSICAL DESCRIPTION
Extent 428p.
500 ## - GENERAL NOTE
General note Paper cover
942 ## - ADDED ENTRY ELEMENTS (KOHA)
Institution code [OBSOLETE] NBS
Koha item type Book
Call number prefix 001.4 WIS

No items available.

© 2023 Central Library, National University of Sciences and Technology. All Rights Reserved.